A concise history of Buddhism / (Record no. 47756)

000 -LEADER
fixed length control field 01138cam a22003375a 4500
001 - CONTROL NUMBER
control field 13398460
005 - DATE AND TIME OF LATEST TRANSACTION
control field 20260225135010.0
008 - FIXED-LENGTH DATA ELEMENTS--GENERAL INFORMATION
fixed length control field 031107s1994 nyub 001 0 eng d
010 ## - LIBRARY OF CONGRESS CONTROL NUMBER
LC control number 2003282123
020 ## - INTERNATIONAL STANDARD BOOK NUMBER
International Standard Book Number 0904766667 (pbk.)
International Standard Book Number 0760748292
International Standard Book Number 9780904766929
035 ## - SYSTEM CONTROL NUMBER
System control number (CStRLIN)PATG95-B40312
040 ## - CATALOGING SOURCE
Original cataloging agency Uk
Transcribing agency Uk
Modifying agency DLC
-- PPT
-- DLC
043 ## - GEOGRAPHIC AREA CODE
Geographic area code a-ii---
050 04 - LIBRARY OF CONGRESS CALL NUMBER
Classification number BQ264
Item number .S68 1994
082 04 - DEWEY DECIMAL CLASSIFICATION NUMBER
Edition number 23
Classification number 294.309 Sk
Item number 1414 S-AH
100 1# - MAIN ENTRY--PERSONAL NAME
Personal name Skilton, Andrew.
9 (RLIN) 25163
245 12 - TITLE STATEMENT
Title A concise history of Buddhism /
Statement of responsibility, etc. Andrew Skilton (Dharmacari Sthiramati).
260 ## - PUBLICATION, DISTRIBUTION, ETC.
Place of publication, distribution, etc. New York :
Name of publisher, distributor, etc. Barnes & Noble,
Date of publication, distribution, etc. c1994, 2000
Place of publication, distribution, etc. Cambridge :
Name of publisher, distributor, etc. Windhorse Publication,
Date of publication, distribution, etc. 2016
300 ## - PHYSICAL DESCRIPTION
Extent 263 p. :
Other physical details ill., maps ;
Dimensions 24 cm.
500 ## - GENERAL NOTE
General note S-AH: Professor Andrew Huxley
General note Errata slip inserted.
504 ## - BIBLIOGRAPHY, ETC. NOTE
Bibliography, etc. note Includes bibliographical references (p. [213]-246) and index.
650 #0 - SUBJECT ADDED ENTRY--TOPICAL TERM
Topical term or geographic name entry element Buddhism
General subdivision History.
Topical term or geographic name entry element Buddhism
General subdivision Doctrines.
Topical term or geographic name entry element Buddhism
Geographic subdivision India
General subdivision History.
906 ## - LOCAL DATA ELEMENT F, LDF (RLIN)
a 7
b cbc
c copycat
d 2
e ncip
f 20
g y-gencatlg
942 ## - ADDED ENTRY ELEMENTS (KOHA)
Source of classification or shelving scheme
Koha item type Book (Short term)
Holdings
Withdrawn status Lost status Source of classification or shelving scheme Damaged status Not for loan Collection code Permanent Location Current Location Shelving location Date acquired Total Checkouts Full call number Barcode Date last seen Price effective from Koha item type Accession
          Special Collections Shan State Buddhist University Library Shan State Buddhist University Library Special Collection Shelves 25/02/2026   294.309 Sk 1414 S-AH EB00001414 25/02/2026 25/02/2026 Book (Short term) 1414 S-AH

Library - 09407999929
Admin Office - 09407999979
Dean Office - 09250910768
Registrar Office - 09892297154
Email - [email protected]
Shan State Buddhist University, Phaya Phyu Taunggyi, Shan State, Myanmar.